Normal view
MARC view
- Supervise by Lt Col (R) Javaid Iqbal Zahid
Entry Personal Name
001 - CONTROL NUMBER
- control field: 131791
003 - CONTROL NUMBER IDENTIFIER
- control field: NUST
005 - DATE AND TIME OF LATEST TRANSACTION
- control field: 20251111133659.0
008 - FIXED-LENGTH DATA ELEMENTS
- fixed length control field: 251111|| aca||aabn | a|a d
040 ## - CATALOGING SOURCE
- Original cataloging agency: NUST
- Transcribing agency: NUST
100 ## - HEADING--PERSONAL NAME
- Personal name: Supervise by Lt Col (R) Javaid Iqbal Zahid
670 ## - SOURCE DATA FOUND
- Source citation: Work cat.: (NUST)182705: Sadozai , Khan (TCC-07) 131789, Duplex laser link for data communication project report national university of sciences and technology /, 1999
